[Event "11th BPB Limburg Open"]
[Site "masterchessopen.com Maastricht NED"]
[Date "2017.06.05"]
[Round "6.11"]
[White "Lai,Hing Ting"]
[Black "Mitran,Anthony Cristian"]
[Result "1-0"]
[WhiteElo "2393"]
[BlackElo "2052"]

1.b3 d5 2.Bb2 Nf6 3.e3 g6 4.c4 c6 5.d4 Bg7 6.Bd3 b6 7.Nf3 Nbd7 8.O-O O-O 9.Nc3
Bb7 10.Qe2 c5 11.Nxd5 Nxd5 12.cxd5 Bxd5 13.e4 Bb7 14.d5 Bxb2 15.Qxb2 Nf6
16.Rad1 b5 17.Qc1 Qc7 18.Qh6 Ng4 19.Qg5 Nf6 20.d6 Qd8 21.e5 Nd5 22.Qh6 f6
23.Bxb5 exd6 24.Bc4 dxe5 25.Qd2 e4 26.Ne1 e3 27.fxe3 {#r} 1-0

[Event "10th Mayors Cup Open 2017"]
[Site "masterchessopen.com Mumbai IND"]
[Date "2017.06.04"]
[Round "1.2"]
[White "Jayakumaar,S"]
[Black "Ghosh,D"]
[Result "0-1"]
[WhiteElo "2182"]
[BlackElo "2569"]

1.b3 d5 2.Bb2 Bg4 3.f3 Bh5 4.e3 Nd7 5.d4 e6 6.Nc3 c5 7.Bb5 Nf6 8.g4 Bg6 9.h4
h6 10.Nge2 a6 11.Bd3 Bxd3 12.Qxd3 Rc8 13.dxc5 Ne5 14.Qd1 Nxf3+ 15.Kf2 Ne5
16.Nf4 Nexg4+ 17.Ke2 Bxc5 18.Na4 Bxe3 {#R} 0-1

[Event "9th Lublin GM 2017"]
[Site "masterchessopen.com Lublin POL"]
[Date "2017.06.05"]
[Round "2.1"]
[White "Nguyen,P"]
[Black "Romanishin,O"]
[Result "0-1"]
[WhiteElo "2438"]
[BlackElo "2448"]

1.f4 d5 2.Nf3 g6 3.g3 Bg7 4.Bg2 Nf6 5.O-O O-O 6.d3 c5 7.Nc3 d4 8.Na4 Qc7 9.c4
a6 10.b4 cxb4 11.Nxd4 Ng4 12.e3 e5 13.fxe5 Nxe5 14.Qb3 Bd7 15.Nb2 Nbc6 16.Nc2
a5 17.a4 Nb8 18.d4 Na6 19.Ne1 Ng4 20.Bd2 Bc6 21.Nbd3 Rae8 22.Nf4 Nc5 23.Qd1
Bxg2 24.Nexg2 Ne4 25.Qxg4 Nxd2 26.Rfd1 Ne4 27.c5 Nc3 28.Rdc1 Qc6 29.Kf2 Re4
30.Qf3 Rfe8 31.Nd3 Bxd4 32.Ke1 {#R} 0-1

[Event "11th BPB Limburg Open"]
[Site "masterchessopen.com Maastricht NED"]
[Date "2017.06.04"]
[Round "4.5"]
[White "Molenaar,C"]
[Black "Janssen,Ru"]
[Result "0-1"]
[WhiteElo "2081"]
[BlackElo "2521"]

1.f4 d5 2.Nf3 g6 3.e3 Bg7 4.Be2 c5 5.d3 Nc6 6.O-O Nf6 7.Nc3 d4 8.Ne4 dxe3
9.Nxc5 Qd6 10.d4 Qxf4 11.c3 Ng4 12.d5 Nce5 13.Qa4+ Qxa4 14.Nxa4 b6 15.Bb5+ Bd7
16.Bxd7+ Nxd7 17.h3 Ngf6 18.c4 e2 19.Re1 Rc8 20.Rxe2 Rxc4 21.Nc3 Rxc3 22.bxc3
Nxd5 23.Bb2 Nf4 24.Re4 Nd3 25.Ba3 N7c5 26.Bxc5 Nxc5 27.Re3 e6 28.Rd1 Ke7
29.Nd4 Rc8 30.Kf1 a6 31.Rb1 b5 32.Ke2 Na4 33.Kd2 Bh6 {#R} 0-1

[Event "ch-POR Rapid 2017"]
[Site "masterchessopen.com Mirandela POR"]
[Date "2017.06.03"]
[Round "6.5"]
[White "Padeiro,J"]
[Black "Pinho,T"]
[Result "1-0"]
[WhiteElo "2271"]
[BlackElo "1896"]

1.Nf3 f5 2.e4 fxe4 3.Ng5 Nf6 4.d3 Nc6 5.Nc3 e6 6.Ngxe4 Be7 7.d4 O-O 8.Be3 b6
9.Nxf6+ Bxf6 10.Ne4 Bb7 11.Nxf6+ Qxf6 12.Qd2 a5 13.c3 Ne7 14.f3 Qh4+ 15.Bf2
Qf6 16.Bd3 Ng6 17.Bg3 Nf4 18.Be4 Bxe4 19.fxe4 Nh5 20.O-O-O Nxg3 21.hxg3 Qg6
22.Qe3 Rf7 23.d5 Raf8 24.d6 c5 25.Rd2 Rf1+ 26.Rxf1 Rxf1+ 27.Kc2 e5 28.Qd3 Rf6
29.Qd5+ Qf7 30.Qxe5 Qxa2 31.Qe8+ Rf8 32.Qxd7 {#r} 1-0

[Event "10th KIIT Elite Open 2017"]
[Site "masterchessopen.com Bhubaneswar IND"]
[Date "2017.06.02"]
[Round "10.5"]
[White "Laxman,R"]
[Black "Grover,S"]
[Result "0-1"]
[WhiteElo "2417"]
[BlackElo "2478"]

1.Nf3 c5 2.b3 Nf6 3.Bb2 g6 4.c4 Bg7 5.g3 O-O 6.Bg2 Nc6 7.d4 d5 8.cxd5 Nxd5
9.O-O Bg4 10.Ne5 Nxe5 11.dxe5 Nb4 12.Be4 Qxd1 13.Rxd1 Rad8 14.Nc3 Bxe5 15.f3
Be6 16.Rab1 Bxc3 17.Bxc3 Nxa2 18.Ba5 Rxd1+ 19.Rxd1 Rb8 20.Bd5 Bxd5 21.Rxd5 Nc1
22.Rxc5 Nxb3 23.Re5 e6 24.Be1 Kf8 25.Kf2 Ke7 26.Re4 a5 27.Ra4 Ra8 28.g4 Kd6
29.g5 Kc5 30.Ke3 Ra7 31.Rh4 a4 32.Bb4+ Kb5 33.Bf8 Nc5 34.Bd6 a3 35.Be5 a2
36.Rxh7 Kc4 37.h4 Kd5 38.f4 Ra3+ 39.Kd2 Nb3+ {#R} 0-1

[Event "ch-POR Rapid 2017"]
[Site "masterchessopen.com Mirandela POR"]
[Date "2017.06.03"]
[Round "6.4"]
[White "Ribeiro,Bruno Rafael Leite"]
[Black "Veiga,Jose Francisco R P Neves"]
[Result "1-0"]
[WhiteElo "1787"]
[BlackElo "2083"]

1.Nf3 Nf6 2.b3 g6 3.Bb2 Bg7 4.e3 d6 5.d4 O-O 6.Be2 b6 7.O-O Bb7 8.c4 Nbd7
9.Nbd2 c5 10.Qc2 e6 11.Rac1 Rc8 12.Qb1 Qc7 13.Rfe1 Qb8 14.Qa1 Ne4 15.Nxe4 Bxe4
16.Nd2 Bb7 17.Bf3 cxd4 18.exd4 d5 19.g3 Nf6 20.c5 Nd7 21.b4 a5 22.a3 Qa7
23.Rc2 Bc6 24.Be2 Ba4 25.Rcc1 Bh6 26.Bc3 Rb8 27.f4 Rfc8 28.Nf3 Bg7 29.Kg2 Nf6
30.Bd3 Qa8 31.Kg1 h5 32.Ne5 h4 33.bxa5 bxa5 34.Rb1 Ne4 35.Bxe4 dxe4 36.Rxb8
Rxb8 37.Rb1 h3 38.Rxb8+ Qxb8 39.Qb2 Bxe5 40.fxe5 Qa8 41.Qb6 e3 42.c6 Bxc6
43.Bxa5 Kg7 44.Qd8 Qa6 45.Qf6+ Kg8 46.Qd8+ Kh7 47.Qh4+ Kg7 48.Qf6+ Kg8 49.Qd8+
Kg7 50.Bb4 Be8 {#r} 1-0

[Event "10th KIIT Elite Open 2017"]
[Site "masterchessopen.com Bhubaneswar IND"]
[Date "2017.06.01"]
[Round "9.30"]
[White "Aronyak,Ghosh"]
[Black "Dileep,Kumar R"]
[Result "0-1"]
[WhiteElo "2191"]
[BlackElo "1944"]

1.Nf3 Nf6 2.b3 g6 3.Bb2 Bg7 4.g3 O-O 5.Bg2 d6 6.d4 Nbd7 7.O-O c5 8.c4 a6 9.Nc3
Rb8 10.dxc5 Nxc5 11.Nd4 Bd7 12.Qd2 Qc8 13.Rfc1 Bh3 14.Bh1 e5 15.Nc2 Rd8 16.Nb4
Qf5 17.Nbd5 Kh8 18.Nxf6 Bxf6 19.Qc2 Qh5 20.Nd5 Bg7 21.Bf3 Bg4 22.Bxg4 Qxg4
23.Kg2 f5 24.f3 Qg5 25.h4 Qh5 26.Rh1 Rf8 27.Rad1 Rbe8 28.Bc1 Ne6 29.Be3 e4
30.f4 Rc8 31.Nb6 Rc6 32.a4 Qg4 33.a5 Bh6 34.Nd5 Bg7 35.Kf2 Qh5 36.Nb4 Rd8
37.Nxc6 bxc6 38.b4 Bf6 39.Qa2 Qg4 40.b5 axb5 41.cxb5 d5 42.Bb6 Nxf4 43.Bxd8
e3+ 44.Kf1 Qxg3 45.Bxf6+ Kg8 {#R} 0-1

[Event "10th KIIT Elite Open 2017"]
[Site "masterchessopen.com Bhubaneswar IND"]
[Date "2017.06.01"]
[Round "9.4"]
[White "Ghosh,D"]
[Black "Krishna,CRG"]
[Result "1-0"]
[WhiteElo "2569"]
[BlackElo "2392"]

1.Nf3 d5 2.g3 c6 3.Bg2 Bg4 4.O-O Nd7 5.d3 e6 6.h3 Bxf3 7.Bxf3 Bd6 8.e4 Ne7
9.d4 dxe4 10.Bxe4 O-O 11.Nd2 h6 12.Bg2 Bc7 13.Re1 Nf5 14.c3 Qf6 15.Qg4 Rfe8
16.Ne4 Qe7 17.Qf3 a5 18.a4 Rab8 19.b3 b5 20.axb5 cxb5 21.Rd1 Bb6 22.Bb2 Rec8
23.Bf1 Bc7 24.Bd3 Qe8 25.Qe2 Nf8 26.Nc5 Qc6 27.Be4 Qb6 28.b4 a4 29.d5 Bd6
30.dxe6 fxe6 31.Bxf5 exf5 32.Nd7 Qc6 33.Nxb8 Bxb8 34.Qd3 Qg6 35.Qxb5 Ne6
36.Qd3 Nf4 37.Qf1 Kh7 38.c4 Nh5 39.Ra3 Qb6 40.Qd3 Nxg3 {#r} 1-0

[Event "10th KIIT Elite Open 2017"]
[Site "masterchessopen.com Bhubaneswar IND"]
[Date "2017.05.30"]
[Round "7.13"]
[White "Krishna,CRG"]
[Black "Aditya,Mittal"]
[Result "1-0"]
[WhiteElo "2392"]
[BlackElo "2211"]

1.Nf3 d5 2.g3 Nf6 3.Bg2 e6 4.b3 c5 5.c4 d4 6.e3 Nc6 7.exd4 cxd4 8.O-O Bc5 9.d3
O-O 10.Re1 h6 11.Na3 e5 12.Nxe5 Nxe5 13.Rxe5 Qd6 14.Rxc5 Qxc5 15.Nb5 Bg4
16.Qd2 Rfe8 17.Ba3 Qb6 18.h3 Bd7 19.Nd6 Bc6 20.Nxe8 Rxe8 21.Re1 Rxe1+ 22.Qxe1
Bxg2 23.Kxg2 Qc6+ 24.Kg1 Qf3 25.Qd2 Nh5 26.Bd6 f5 27.Kh2 Kh7 28.Be5 f4 29.g4
Nf6 30.Qxf4 Qxd3 31.Bxd4 Qe2 32.Qf5+ Kg8 33.Qc8+ Kh7 34.Qf5+ Kg8 35.Bxf6 gxf6
36.Qc8+ Kg7 37.Qxb7+ Kg6 38.Kg3 Qf1 39.h4 Qg1+ 40.Qg2 Qe1 41.h5+ Kg7 42.Qb7+
Kg8 43.Qa8+ Kg7 44.Qxa7+ Kg8 45.Qa8+ Kg7 46.Kg2 Qe2 47.Qf3 Qxa2 48.c5 Qc2
49.c6 Qc5 50.Qe4 {#r} 1-0

[Event "10th Mayors Cup Open 2017"]
[Site "masterchessopen.com Mumbai IND"]
[Date "2017.06.05"]
[Round "3.3"]
[White "Deepan,C"]
[Black "Jishitha,D"]
[Result "1-0"]
[WhiteElo "2480"]
[BlackElo "1933"]

1.g3 c5 2.Bg2 d5 3.Nf3 Nc6 4.d4 e6 5.O-O cxd4 6.Nxd4 Bc5 7.Nb3 Be7 8.c4 Nf6
9.cxd5 Nxd5 10.Bd2 Bf6 11.Qc2 O-O 12.Rd1 Qe7 13.Nc3 Rd8 14.Rac1 Bd7 15.Bxd5
Nb4 16.Qe4 Nxd5 17.Nxd5 exd5 18.Qxe7 Bxe7 19.Na5 Rdc8 20.Bc3 b6 21.Nb3 Be6
22.Nd4 Bf6 23.Nb5 Bxc3 24.Rxc3 Rxc3 25.Nxc3 Rd8 26.Rd4 Rd7 27.Kg2 f5 28.h4 Kf7
29.a3 Kf6 30.Kf3 h6 31.e3 g5 32.Ke2 Ke5 33.Kd2 Kd6 34.Ra4 Kc6 35.Ne2 a5
36.Nd4+ Kd6 37.b4 axb4 38.Rxb4 Rb7 39.Nxe6 Kxe6 40.Kd3 Kd6 41.Kd4 Rb8 42.a4
Kc6 43.hxg5 hxg5 44.Ke5 Re8+ 45.Kf6 g4 46.Rf4 Rf8+ 47.Ke6 Kc5 48.Rxf5 Re8+
49.Kd7 Re4 50.Rf4 Rc4 51.Ke6 Rc2 52.Kf5 Rc4 53.Rxg4 Kb4 54.Rg6 Kc5 55.Rg4 Kb4
56.Rg8 Kxa4 57.g4 b5 58.Ra8+ Kb3 59.g5 Kc3 60.g6 Rc7 61.Kf6 Rc6+ 62.Kg5 Rc7
63.Kh6 Rc6 64.Kh7 Rf6 65.f4 d4 66.g7 Rf7 67.Kg6 Rxg7+ 68.Kxg7 dxe3 69.Re8 Kd2
70.f5 b4 71.f6 b3 72.f7 b2 73.Rb8 Kc1 74.f8=Q b1=Q 75.Rxb1+ Kxb1 76.Qf1+ Kc2
77.Qe2+ {#r} 1-0

[Event "ch-POR Rapid 2017"]
[Site "masterchessopen.com Mirandela POR"]
[Date "2017.06.03"]
[Round "7.5"]
[White "Pereira,Ant2"]
[Black "Teles,P"]
[Result "1-0"]
[WhiteElo "2139"]
[BlackElo "1611"]

1.Nf3 d5 2.c4 Nf6 3.cxd5 Nxd5 4.d4 Bf5 5.Qb3 Nb6 6.Nc3 Be6 7.Qc2 Nd5 8.e4 Nxc3
9.bxc3 c6 10.Be2 f6 11.O-O Bf7 12.Be3 e6 13.c4 Be7 14.Rab1 Qc7 15.c5 O-O
16.Rfd1 Nd7 17.Qc1 Rad8 18.Bf4 e5 19.Bg3 Bxa2 20.Ra1 Bf7 21.Rxa7 Ra8 22.Qa1
Rxa7 23.Qxa7 g5 24.Rb1 Rb8 25.h4 g4 26.Nd2 h5 27.Nc4 Bxc4 28.Bxc4+ Kg7 29.Be6
Nf8 30.Bf5 Ng6 31.Qa2 Nf4 32.Qb2 exd4 33.Qd2 Bxc5 34.Qxf4 Qxf4 35.Bxf4 Ra8
36.Rxb7+ Kg8 37.Be6+ Kf8 38.Bf7 {#r} 1-0

[Event "11th BPB Limburg Open"]
[Site "masterchessopen.com Maastricht NED"]
[Date "2017.06.05"]
[Round "6.6"]
[White "Ernst,S"]
[Black "Leenhouts,K"]
[Result "0-1"]
[WhiteElo "2535"]
[BlackElo "2475"]

1.c4 g6 2.e4 e5 3.Nc3 Bg7 4.Nge2 Nc6 5.g3 d6 6.Bg2 Be6 7.Nd5 Qd7 8.O-O h5 9.f4
exf4 10.gxf4 O-O-O 11.d3 Bg4 12.Qe1 h4 13.Be3 h3 14.Bf3 Nf6 15.Kh1 Bxf3+
16.Rxf3 Ng4 17.Bg1 f5 18.Nec3 a6 19.Nb5 axb5 20.cxb5 Nd4 21.Qa5 Kb8 22.Bxd4
Bxd4 23.Rc1 Bb6 24.Qb4 Nf2+ 25.Rxf2 Bxf2 26.Qa4 Bc5 27.b4 fxe4 28.bxc5 Qg4
29.Qxe4 Rde8 30.Rg1 Rxe4 {#R} 0-1

[Event "11th BPB Limburg Open"]
[Site "masterchessopen.com Maastricht NED"]
[Date "2017.06.02"]
[Round "1.7"]
[White "Janssen,Ru"]
[Black "Steffens,O"]
[Result "1-0"]
[WhiteElo "2521"]
[BlackElo "2220"]

1.c4 b6 2.Nc3 Ba6 3.d3 c5 4.g3 Nc6 5.Bg2 g6 6.e3 Bg7 7.Nge2 e6 8.a3 Nge7 9.b4
Bb7 10.Rb1 d6 11.O-O O-O 12.Bb2 cxb4 13.axb4 d5 14.cxd5 Nxb4 15.d6 Nec6 16.Ba3
a5 17.Nb5 Qg5 18.Nec3 Rad8 19.h4 Qf5 20.d4 g5 21.g4 Qc2 22.hxg5 Qg6 23.f4 f6
24.gxf6 Bxf6 25.g5 Bg7 26.Be4 Rf5 27.Rf2 Bf8 28.Qf3 Bxd6 29.Nxd6 Rxd6 30.Rg2
Rdd5 31.Rc1 Ne7 32.Bxb4 axb4 33.Nxd5 Bxd5 34.Rc7 Qe8 35.Rh2 b3 36.Qh3 Rf7
37.Bxh7+ Kf8 38.Qh6+ Rg7 39.Bd3 Qd8 40.Qh8+ Rg8 41.Qf6+ Ke8 42.Bb5+ Nc6
43.Bxc6+ {#r} 1-0

[Event "11th BPB Limburg Open"]
[Site "masterchessopen.com Maastricht NED"]
[Date "2017.06.05"]
[Round "6.4"]
[White "Bogner,S"]
[Black "Tang,Charlie"]
[Result "1-0"]
[WhiteElo "2603"]
[BlackElo "2067"]

1.Nf3 d5 2.e3 Nf6 3.c4 c6 4.Nc3 e6 5.b3 Nbd7 6.Qc2 Bd6 7.Bb2 O-O 8.Be2 a6 9.d4
e5 10.cxd5 cxd5 11.dxe5 Nxe5 12.O-O Be6 13.Rac1 Nfg4 14.Nxe5 Bxe5 15.Bxg4 Bxg4
16.h3 Be6 17.Ne2 Rc8 18.Qd2 Bb8 19.Nd4 Qd7 20.Rcd1 Rfd8 21.Qe2 Qd6 22.f4 f6
23.Rd2 Ba7 24.g4 Bd7 25.Qg2 Bxd4 26.Bxd4 Be8 27.f5 Bb5 28.Rfd1 h6 29.h4 Kf7
30.a4 Bc6 31.g5 hxg5 32.hxg5 fxg5 33.Qxg5 Qh6 34.Qg3 Rh8 35.Rg2 Rh7 36.Rc1 Rd8
37.Kf2 Kf8 38.Rcg1 Rd7 39.Qb8+ Kf7 40.Rxg7+ {#r} 1-0

[Event "10th Mayors Cup Open 2017"]
[Site "masterchessopen.com Mumbai IND"]
[Date "2017.06.05"]
[Round "2.12"]
[White "Nandhidhaa,P"]
[Black "Khusenkhojaev,Muhammad"]
[Result "0-1"]
[WhiteElo "2252"]
[BlackElo "2433"]

1.b3 Nf6 2.Bb2 g6 3.g3 Bg7 4.Bg2 d5 5.c4 c6 6.Nf3 O-O 7.O-O Nbd7 8.d4 Ne4
9.Nbd2 Ndf6 10.e3 a5 11.Nxe4 Nxe4 12.Nd2 Nxd2 13.Qxd2 a4 14.cxd5 cxd5 15.Qb4
e6 16.Rfc1 Re8 17.Bf1 Bf8 18.Qb5 Ra7 19.Bc3 Bd7 20.Qd3 axb3 21.axb3 Rxa1
22.Rxa1 Qb6 23.Ba5 Qd6 24.Bd2 Rc8 25.Rc1 Ra8 26.Qc3 Qb6 27.Bd3 Bd6 28.Kg2 h5
29.h4 Kg7 30.Be2 Ra2 31.Qd3 Bb4 32.Bc3 Bxc3 33.Rxc3 Qb4 34.Rc2 Bb5 35.Qd1 Rxc2
36.Qxc2 Bxe2 37.Qxe2 Qxb3 38.Qf3 Qd3 39.Kh2 b5 40.Qf4 Qf5 {#R} 0-1

[Event "10th Mayors Cup Open 2017"]
[Site "masterchessopen.com Mumbai IND"]
[Date "2017.06.04"]
[Round "1.27"]
[White "Sangma,R"]
[Black "Sreeshwan,Maralakshikari"]
[Result "1-0"]
[WhiteElo "2337"]
[BlackElo "2109"]

1.Nf3 d5 2.c4 c6 3.e3 Nf6 4.Nc3 e6 5.b3 Nbd7 6.Bb2 b6 7.cxd5 exd5 8.d4 Bd6
9.Bd3 O-O 10.O-O Bb7 11.Qc2 Rc8 12.Rac1 h6 13.Rfe1 Re8 14.g3 Qc7 15.Nh4 Qb8
16.Qe2 Bf8 17.Ba6 Bxa6 18.Qxa6 g6 19.Re2 Rc7 20.Rec2 Rec8 21.Nf3 b5 22.Ne5
Nxe5 23.dxe5 Nd7 24.Ne2 Qb6 25.Qxb6 axb6 26.Nf4 Nc5 27.Bd4 b4 28.Kg2 Be7 29.h4
Kf8 30.h5 g5 31.Bxc5 Bxc5 32.Nd3 Be7 33.f4 Ke8 34.Kf3 Kd7 35.Nf2 gxf4 36.gxf4
c5 37.Ng4 Bf8 38.Rd1 Kc6 39.Nf6 Rd8 40.Rcd2 b5 41.Nxd5 Rcd7 42.e4 c4 43.f5 c3
44.Rc2 Rxd5 45.exd5+ Rxd5 46.Re1 f6 47.Rg2 fxe5 48.Rg8 Be7 49.Rg6+ Kd7 50.f6
Bf8 51.Rg8 Ke8 52.Ke4 Rc5 53.Rg2 Kf7 54.Rf1 Ke6 55.f7 Ke7 56.Rc2 Ke6 57.Rcf2
Ke7 58.Rf5 Ke6 59.Rf6+ Ke7 60.R6f3 Ke6 61.Rf5 Kd6 62.Rd1+ Ke6 63.Rf2 Rc8
64.Rh1 Rd8 65.Rg1 Rd4+ 66.Ke3 Bc5 67.f8=Q Bxf8 68.Rxf8 Rh4 69.Rg6+ Ke7 70.Ra8
Rh3+ 71.Ke4 Rh4+ 72.Kd5 Kf7 73.Ra7+ Kf8 74.Rxh6 Kg8 75.Rc6 Rd4+ 76.Kc5 Rd8
77.Kxb4 {#r} 1-0

[Event "10th KIIT Elite Open 2017"]
[Site "masterchessopen.com Bhubaneswar IND"]
[Date "2017.05.31"]
[Round "8.28"]
[White "Kaustuv,K"]
[Black "Hari,Madhavan N B"]
[Result "1-0"]
[WhiteElo "2274"]
[BlackElo "1970"]

1.Nf3 d5 2.c4 c6 3.g3 Nf6 4.Bg2 h6 5.Qa4 Nbd7 6.cxd5 cxd5 7.d3 e6 8.O-O Bc5
9.e4 dxe4 10.dxe4 O-O 11.Nc3 e5 12.Qc4 a6 13.b4 b5 14.Qb3 Ba7 15.Bb2 Bb7
16.Rad1 Qc7 17.Nh4 Nb6 18.Nd5 Nfxd5 19.exd5 Nc4 20.Ba1 Qd7 21.Qf3 Rfe8 22.Rfe1
g6 23.Bf1 Qd6 24.Qe4 Rad8 25.Bg2 Qf6 26.Nf3 Qb6 27.Rf1 Qd6 28.Qh4 g5 29.Qg4
Qg6 30.Nd2 Nxd2 31.Rxd2 e4 32.Qd1 Qf5 33.d6 Qe6 34.d7 Re7 35.Rd6 Rexd7 36.Rxe6
Rxd1 37.Rxh6 f6 38.Rg6+ Kh7 39.Rxf6 e3 40.fxe3 Bxe3+ 41.Kh1 Rxf1+ 42.Rxf1
Bxg2+ 43.Kxg2 Rd2+ 44.Kf3 Bb6 45.Kg4 Rxh2 46.Kxg5 Be3+ 47.Kf5 Rxa2 48.Rh1+ Kg8
49.Kg6 Kf8 50.Bg7+ Ke7 51.Re1 Ra3 52.Bd4 {#r} 1-0

[Event "10th Mayors Cup Open 2017"]
[Site "masterchessopen.com Mumbai IND"]
[Date "2017.06.05"]
[Round "3.34"]
[White "Hossain,Enam"]
[Black "Harshavardhan,G B"]
[Result "1-0"]
[WhiteElo "2452"]
[BlackElo "2157"]

1.Nf3 Nf6 2.c4 e6 3.g3 Be7 4.Bg2 O-O 5.O-O d5 6.b3 c5 7.e3 Nc6 8.Bb2 b6 9.Nc3
Ba6 10.d3 Rc8 11.Qe2 Qd7 12.Rfd1 Rfd8 13.a3 Qe8 14.Qc2 d4 15.exd4 Nxd4 16.Nxd4
cxd4 17.Ne2 e5 18.Qd2 Qd7 19.Re1 Bb7 20.h3 h6 21.Bxb7 Qxb7 22.Kh2 Bd6 23.a4
Qf3 24.Ng1 Qf5 25.Qe2 Bb4 26.Rf1 Nd7 27.Rad1 Re8 28.Qc2 Bd6 29.Bc1 h5 30.f4 h4
31.g4 Qf6 32.fxe5 Qxe5+ 33.Kh1 Nc5 34.Rf5 Qe7 35.Nf3 Ne6 36.Ng5 f6 37.Nxe6
Qxe6 38.Rdf1 Bg3 39.Qg2 Qe2 40.g5 Qxg2+ 41.Kxg2 fxg5 42.Bxg5 Re2+ 43.Kf3 Rb2
44.Kg4 Rxb3 45.R1f3 Re8 46.a5 bxa5 47.Rxa5 Rb6 48.Rxa7 Re5 49.Rf5 Rxf5 50.Kxf5
Kh7 51.Rd7 Bf2 52.c5 Rc6 53.Be7 Rg6 54.Bd6 Bg3 55.Ke4 Re6+ 56.Kxd4 Kg8 57.Kd5
Re3 58.d4 g5 59.c6 Rc3 60.c7 Bxd6 61.Kxd6 g4 62.hxg4 h3 63.Rd8+ Kg7 64.c8=Q
Rxc8 65.Rxc8 h2 66.Rc1 Kg6 67.Rh1 Kg5 68.Rxh2 Kxg4 69.Rf2 Kg3 70.Rf5 Kg4
71.Ke5 Kg3 72.Rf4 Kh3 73.Ke4 Kg3 74.Ke3 Kg2 75.Rg4+ Kh2 76.Kf2 Kh3 77.Rf4 Kh2
78.Rh4# 1-0

[Event "10th Mayors Cup Open 2017"]
[Site "masterchessopen.com Mumbai IND"]
[Date "2017.06.04"]
[Round "1.17"]
[White "Laxman,R"]
[Black "Chitlange,Sakshi"]
[Result "0-1"]
[WhiteElo "2417"]
[BlackElo "2090"]

1.Nf3 Nf6 2.b3 e6 3.Bb2 b6 4.g3 Bb7 5.Bg2 Be7 6.O-O O-O 7.c4 d5 8.cxd5 exd5
9.d4 Nbd7 10.Nc3 Re8 11.e3 Ne4 12.Rc1 Ndf6 13.Nd2 Nxc3 14.Rxc3 Bb4 15.Rc2 Ba6
16.Re1 Bd3 17.Rc1 Ne4 18.Nxe4 Bxe4 19.Re2 Bxg2 20.Kxg2 Bd6 21.Rec2 Qg5 22.Qf3
Re4 23.Rxc7 Bxc7 24.Rxc7 Qg6 25.Ba3 f5 26.Qe2 a6 27.Qc2 Re6 28.Bb4 Rae8 29.Qd3
Qg4 30.h3 Qe4+ 31.Qxe4 fxe4 32.Rd7 Rc8 33.Bd6 Rf6 34.Be5 Rf7 35.Rxd5 Rc2
36.Bf4 Rxa2 37.g4 Rb2 38.b4 h6 39.Rd8+ Rf8 40.Rd7 Rf7 41.Rd8+ Kh7 42.Ra8 Rxb4
43.Rxa6 Rb7 44.d5 Rb5 45.Ra4 Rxd5 46.Rxe4 b5 47.Rb4 Rc5 48.Kf3 Kg6 49.h4 Kf6
50.g5+ hxg5 51.Bxg5+ Ke6 52.Ke4 Rd7 53.Kf3 Kd5 54.Rb2 Kc4 55.Ke2 b4 56.Rc2+
Kb5 57.Rb2 Ka4 58.Ra2+ Kb3 59.Ra8 Kc2 60.Ra2+ Kb1 61.Ra4 b3 62.e4 b2 63.Be3
Rc2+ 64.Ke1 Rc6 65.Bd4 Kc2 66.Bxb2 Kxb2 67.Ke2 Kb3 68.Ra5 Rf7 69.Rg5 Rc2+
70.Ke3 Rcxf2 71.Rxg7 Rxg7 72.Kxf2 Rg4 73.Ke3 Kc4 74.h5 Rh4 {#R} 0-1

[Event "ch-POR Rapid 2017"]
[Site "masterchessopen.com Mirandela POR"]
[Date "2017.06.03"]
[Round "2.4"]
[White "Oliveira,Maria Alice Ramos Ma"]
[Black "Sousa,Andre Ventura"]
[Result "0-1"]
[WhiteElo "1561"]
[BlackElo "2366"]

1.c4 Nf6 2.g3 e6 3.Bg2 d5 4.Nf3 Be7 5.O-O O-O 6.cxd5 exd5 7.d3 Re8 8.b3 a5
9.Bb2 a4 10.Nbd2 a3 11.Bc1 Bb4 12.Nb1 Qe7 13.e3 Bf5 14.Nh4 Bg4 15.Qc2 Nc6
16.Bd2 Bxd2 17.Qxd2 Qb4 18.h3 Qxd2 19.Nxd2 Be2 20.Rfc1 Bxd3 21.Rc3 Bg6 22.Nxg6
hxg6 23.Nf3 Ne4 24.Rc2 Rec8 25.Nd4 Nb4 26.Rcc1 c5 27.Nc2 Nc3 28.Bf3 Ncxa2
29.Rd1 Nxc2 30.Rxa2 Nb4 31.Raa1 a2 32.Rd2 Ra3 33.Bd1 b5 34.Kg2 c4 35.bxc4 dxc4
36.Bg4 c3 {#R} 0-1

[Event "10th Mayors Cup Open 2017"]
[Site "masterchessopen.com Mumbai IND"]
[Date "2017.06.05"]
[Round "2.23"]
[White "Deviatkin,A"]
[Black "Lama,Himal"]
[Result "1-0"]
[WhiteElo "2481"]
[BlackElo "2073"]

1.c4 Nf6 2.g3 d5 3.Bg2 dxc4 4.Na3 c6 5.Nxc4 g6 6.b3 Bg7 7.Bb2 O-O 8.Nf3 a5
9.O-O b5 10.Nce5 Ra6 11.Rc1 a4 12.Nd3 axb3 13.axb3 Nd5 14.Bxg7 Kxg7 15.Qc2 Qd6
16.Nc5 Ra7 17.d4 Nb4 18.Qd2 N8a6 19.Nxa6 Rxa6 20.Rc5 Nd5 21.Ne5 Bd7 22.Rfc1
Rfa8 23.Bxd5 cxd5 24.Qf4 Be8 25.Kg2 Rd8 26.Rc7 f6 27.Nd3 Qxf4 28.gxf4 Kf7
29.Rb7 Bc6 30.Rc7 Be8 31.R1c2 Ra3 32.Rb7 Rd7 33.Rb8 Rda7 34.Rcc8 Bd7 35.Rh8
Kg7 36.Rbg8+ Kh6 37.Rf8 Kg7 38.Nc5 Bf5 39.Rhg8+ Kh6 40.Rf7 e6 41.Rxf6 Ra8
42.Rxa8 Rxa8 43.Rf7 Ra2 44.Kf3 g5 45.Nxe6 g4+ 46.Kg3 Kg6 47.Nd8 Ra8 48.Rf8 Rc8
49.f3 gxf3 50.exf3 Bd7 51.f5+ Bxf5 52.Kf4 Bh3 53.Rg8+ Kf6 54.Rg3 Bf5 55.Nb7
Rc2 56.Rg5 Be6 57.Rh5 Kg6 58.Rh4 Re2 59.Kg3 Bf5 60.Nd6 Bd3 61.Rg4+ Kf6 62.Rf4+
Kg6 63.Nf7 Bf5 64.Ne5+ Kf6 65.Nd7+ Kg5 66.h4+ Kg6 67.Nf8+ Kf6 68.Nxh7+ Kg6
69.h5+ Kxh7 70.Rxf5 Rb2 71.Rxd5 Rxb3 72.Kg4 Rb1 73.Rd7+ Kg8 74.Rb7 Rd1 75.f4
Rxd4 76.Kg5 Rd1 77.Rxb5 Ra1 78.Rb8+ Kf7 79.Rb7+ Kg8 80.f5 Rg1+ 81.Kf6 Re1
82.Rg7+ Kf8 83.Ra7 Kg8 84.Ra8+ Kh7 85.Kf7 Re5 86.f6 Rxh5 87.Ke6 Rh1 88.f7 {#r}
1-0

[Event "11th BPB Limburg Open"]
[Site "masterchessopen.com Maastricht NED"]
[Date "2017.06.03"]
[Round "2.3"]
[White "Fries,Frederik"]
[Black "Sokolov,Ivan"]
[Result "0-1"]
[WhiteElo "2319"]
[BlackElo "2625"]

1.Nf3 Nf6 2.c4 b6 3.g3 Bb7 4.Bg2 g6 5.O-O Bg7 6.Nc3 O-O 7.d4 Ne4 8.Qd3 Nxc3
9.Qxc3 c5 10.Be3 Be4 11.Qd2 d6 12.Bh6 Nc6 13.Bxg7 Kxg7 14.d5 Bxf3 15.Bxf3 Ne5
16.Bg2 b5 17.cxb5 Qb6 18.Qc3 Kg8 19.a4 a6 20.b4 Rfc8 21.Bh3 Rc7 22.bxc5 Rxc5
23.Qe3 axb5 24.axb5 Rb8 25.Rfb1 Rxb5 26.Qxb6 R8xb6 27.Rxb5 Rxb5 28.Rd1 f5
29.f4 Nc4 30.Rd3 Nb6 31.Bg2 Nd7 32.Kf2 Nf6 33.Bf3 Kf7 34.Rd4 h6 35.h3 g5 36.e3
Rb2+ 37.Kf1 Nd7 38.g4 fxg4 39.hxg4 Nc5 40.Be4 gxf4 41.exf4 Nxe4 42.Rxe4 Rd2
43.Re6 Rxd5 44.Rxh6 Rd4 45.Rh7+ Kf8 46.Rh8+ Kg7 47.Re8 Rxf4+ 48.Kg2 Kf7 {#R}
0-1

[Event "10th Mayors Cup Open 2017"]
[Site "masterchessopen.com Mumbai IND"]
[Date "2017.06.04"]
[Round "1.31"]
[White "Mohammad Fahad,Rahman"]
[Black "Gokhale,A"]
[Result "1-0"]
[WhiteElo "2169"]
[BlackElo "2047"]

1.c4 g6 2.g3 Bg7 3.Nc3 Nf6 4.Bg2 O-O 5.e4 d6 6.Nge2 c6 7.O-O Nbd7 8.d3 Rb8
9.Be3 b6 10.h3 e6 11.f4 Bb7 12.d4 a6 13.g4 c5 14.d5 exd5 15.exd5 b5 16.g5 Ne8
17.f5 gxf5 18.Ng3 b4 19.Nce2 Ne5 20.Qc2 Bc8 21.Nxf5 Ng6 22.Neg3 Be5 23.Nh6+
Kh8 24.Rxf7 Rb7 25.Rxf8+ Nxf8 26.Rf1 Ng6 27.Nh5 Ng7 28.Nf6 Qe7 29.Be4 Bxh3
30.Rf3 Bg2 31.Bxg6 Bxf6 32.gxf6 Qe5 33.f7 {#r} 1-0

[Event "10th KIIT Elite Open 2017"]
[Site "masterchessopen.com Bhubaneswar IND"]
[Date "2017.05.31"]
[Round "8.8"]
[White "Wagh,Suyog"]
[Black "Khusenkhojaev,Muhammad"]
[Result "0-1"]
[WhiteElo "2138"]
[BlackElo "2433"]

1.c4 Nf6 2.Nc3 d5 3.cxd5 Nxd5 4.Nf3 g6 5.Qc2 Nc6 6.d4 Bg7 7.e4 Ndb4 8.Qa4 Bd7
9.Qd1 Nxd4 10.Nxd4 Bxd4 11.Bh6 e6 12.Qd2 Qe7 13.Rd1 O-O-O 14.a3 Nc6 15.Be2 f6
16.Be3 Bxe3 17.Qxe3 Kb8 18.Bb5 a6 19.Ba4 Ne5 20.Bb3 Bb5 21.a4 Bc4 22.Bc2 Qb4
23.b3 Nd3+ 24.Bxd3 Qxc3+ 25.Ke2 Rxd3 26.Rxd3 Qxb3 27.Rd1 Rd8 28.Rd2 Rxd3
29.Rxd3 Qxd3+ 30.Qxd3 Bxd3+ 31.Kxd3 b5 32.f4 c5 33.g4 f5 34.axb5 axb5 {#R} 0-1

[Event "10th Mayors Cup Open 2017"]
[Site "masterchessopen.com Mumbai IND"]
[Date "2017.06.04"]
[Round "1.15"]
[White "Khusenkhojaev,Muhammad"]
[Black "Bartakke,A"]
[Result "1-0"]
[WhiteElo "2433"]
[BlackElo "2095"]

1.Nf3 Nf6 2.c4 e6 3.Nc3 Bb4 4.Qc2 O-O 5.a3 Bxc3 6.Qxc3 d6 7.g3 b6 8.Bg2 Bb7
9.b4 Nbd7 10.Bb2 a5 11.O-O Re8 12.d4 e5 13.dxe5 dxe5 14.Rfd1 Qe7 15.Nxe5 axb4
16.axb4 Rxa1 17.Rxa1 Bxg2 18.Nxd7 Qxd7 19.Kxg2 Rxe2 20.Ra8+ Re8 21.Qa3 Rxa8
22.Qxa8+ Qe8 23.Qxe8+ Nxe8 24.Kf3 Kf8 25.Ke4 c6 26.Be5 Ke7 27.Bd4 Nf6+ 28.Kd3
b5 29.Bxf6+ gxf6 30.cxb5 cxb5 31.Ke4 Ke6 32.g4 Kd6 33.Kd4 Kc6 34.h3 Kd6 35.h4
Kc6 36.h5 Kd6 37.h6 Kc6 38.Ke4 f5+ 39.Kxf5 Kd5 40.Kf6 Kc4 41.Kg7 {#r} 1-0